<?xml version="1.0" encoding="UTF-8"?>
<record
    xmlns:xsi="http://www.w3.org/2001/XMLSchema-instance"
    xsi:schemaLocation="http://www.loc.gov/MARC21/slim http://www.loc.gov/standards/marcxml/schema/MARC21slim.xsd"
    xmlns="http://www.loc.gov/MARC21/slim">

  <leader>03143nam a2200409Ii 4500</leader>
  <datafield tag="999" ind1=" " ind2=" ">
    <subfield code="c">29313</subfield>
    <subfield code="d">29284</subfield>
  </datafield>
  <controlfield tag="001">ocn1154777963</controlfield>
  <controlfield tag="003">EG-ScBUE</controlfield>
  <controlfield tag="005">20210803120056.0</controlfield>
  <controlfield tag="008">200516s2021    ua ae  f b    000 0 eng d</controlfield>
  <datafield tag="020" ind1=" " ind2=" ">
    <subfield code="a">9789774169243</subfield>
  </datafield>
  <datafield tag="035" ind1=" " ind2=" ">
    <subfield code="a">(OCoLC)1154777963</subfield>
  </datafield>
  <datafield tag="035" ind1=" " ind2=" ">
    <subfield code="a">(OCoLC)ocn1154777963</subfield>
  </datafield>
  <datafield tag="035" ind1=" " ind2=" ">
    <subfield code="a">(OCoLC)1154777963</subfield>
  </datafield>
  <datafield tag="035" ind1=" " ind2=" ">
    <subfield code="a">(YBP)16056712</subfield>
  </datafield>
  <datafield tag="040" ind1=" " ind2=" ">
    <subfield code="a">ERASA</subfield>
    <subfield code="b">eng</subfield>
    <subfield code="e">rda</subfield>
    <subfield code="c">ERASA</subfield>
    <subfield code="d">MEAUC</subfield>
    <subfield code="d">OCLCO</subfield>
    <subfield code="d">YDX</subfield>
    <subfield code="d">OCLCF</subfield>
    <subfield code="d">EG-ScBUE</subfield>
  </datafield>
  <datafield tag="043" ind1=" " ind2=" ">
    <subfield code="a">f-ua---</subfield>
  </datafield>
  <datafield tag="082" ind1="0" ind2="4">
    <subfield code="a">724.6</subfield>
    <subfield code="b">ANO</subfield>
    <subfield code="2">22</subfield>
  </datafield>
  <datafield tag="100" ind1="1" ind2=" ">
    <subfield code="a">Anorve-Tschirgi, Conchita,</subfield>
    <subfield code="e">author.</subfield>
  </datafield>
  <datafield tag="245" ind1="1" ind2="4">
    <subfield code="a">The architecture of Ramses Wissa Wassef /</subfield>
    <subfield code="c">Conchita Anorve-Tschirgi, Ehsan Abushadi ; photographs by Nour El Refai.</subfield>
  </datafield>
  <datafield tag="264" ind1=" " ind2="1">
    <subfield code="a">Cairo ;</subfield>
    <subfield code="a">New York :</subfield>
    <subfield code="b">The American University in Cairo Press,</subfield>
    <subfield code="c">2021.</subfield>
  </datafield>
  <datafield tag="300" ind1=" " ind2=" ">
    <subfield code="a">vii, 259 pages :</subfield>
    <subfield code="b">illustrations (some color), plans (some color) ;</subfield>
    <subfield code="c">25 cm</subfield>
  </datafield>
  <datafield tag="336" ind1=" " ind2=" ">
    <subfield code="a">text</subfield>
    <subfield code="b">txt</subfield>
    <subfield code="2">rdacontent</subfield>
  </datafield>
  <datafield tag="337" ind1=" " ind2=" ">
    <subfield code="a">unmediated</subfield>
    <subfield code="b">n</subfield>
    <subfield code="2">rdamedia</subfield>
  </datafield>
  <datafield tag="338" ind1=" " ind2=" ">
    <subfield code="a">volume</subfield>
    <subfield code="b">nc</subfield>
    <subfield code="2">rdacarrier</subfield>
  </datafield>
  <datafield tag="504" ind1=" " ind2=" ">
    <subfield code="a">Includes bibliographical references.</subfield>
  </datafield>
  <datafield tag="520" ind1="8" ind2=" ">
    <subfield code="a">The pioneering Egyptian architect and teacher Ramses Wissa Wassef (1911-74) is best known for his founding in 1951 of the Ramses Wissa Wassef Art Centre in Harraniya, a small village near the Giza Pyramids in Greater Cairo. The center, internationally acclaimed for its tapestries and sculptures, began partly as an art school for young villagers, reflecting Wissa Wassef's aim of reviving traditional Egyptian architecture and crafts, and his belief in the innate creative power and potential of children. Less well known are Wissa Wassef's prolific architectural output and his efforts and influence beyond the confines of the Harraniya center to promote artistic expression among Egyptian youth. This generously illustrated volume is the first comprehensive survey of Wissa Wassef's architectural works, both extant and non-extant, shedding light on his legacy and significant engagement with vernacular and contemporary Egyptian architecture. Wissa Wassef renounced self-promotion and monetary reward in his work, placing human physical and psychological well-being at the center of his architectural philosophy. An astute observer and modest personality, he saw himself as part of the people and began experimenting with participatory design and people-centered architecture before they became popular. The Architecture of Ramses Wissa Wassef reveals Wissa Wassef's profuse architectural oeuvre, which spanned private villas and rural houses, as well as public buildings, such as churches, schools, and museums, highlighting his rich contribution to Egypt's architectural heritage at a moment when that heritage is at risk of being lost.</subfield>
  </datafield>
  <datafield tag="600" ind1="1" ind2="7">
    <subfield code="a">Wissa Wassef, Ramses.</subfield>
    <subfield code="2">BUEsh</subfield>
  </datafield>
  <datafield tag="650" ind1=" " ind2="7">
    <subfield code="a">Architects</subfield>
    <subfield code="z">Egypt</subfield>
    <subfield code="y">20th century.</subfield>
    <subfield code="2">BUEsh</subfield>
  </datafield>
  <datafield tag="650" ind1=" " ind2="7">
    <subfield code="a">Architecture</subfield>
    <subfield code="z">Egypt</subfield>
    <subfield code="x">History</subfield>
    <subfield code="y">20th century.</subfield>
    <subfield code="2">BUEsh</subfield>
  </datafield>
  <datafield tag="650" ind1=" " ind2="7">
    <subfield code="a">Architecture, Modern</subfield>
    <subfield code="y">20th century.</subfield>
    <subfield code="2">BUEsh</subfield>
  </datafield>
  <datafield tag="653" ind1=" " ind2=" ">
    <subfield code="b">ENGARC</subfield>
    <subfield code="c">August2021</subfield>
  </datafield>
  <datafield tag="655" ind1=" " ind2="7">
    <subfield code="a">History.</subfield>
    <subfield code="2">fast</subfield>
    <subfield code="0">(OCoLC)fst01411628</subfield>
    <subfield code="v">Reading book</subfield>
  </datafield>
  <datafield tag="700" ind1="1" ind2=" ">
    <subfield code="a">Abushadi, Ehsan,</subfield>
    <subfield code="e">contributor.</subfield>
  </datafield>
  <datafield tag="700" ind1="1" ind2=" ">
    <subfield code="a">Refai, Nour El,</subfield>
    <subfield code="e">photographer.</subfield>
  </datafield>
  <datafield tag="942" ind1=" " ind2=" ">
    <subfield code="2">ddc</subfield>
    <subfield code="c">BB</subfield>
  </datafield>
  <datafield tag="952" ind1=" " ind2=" ">
    <subfield code="0">0</subfield>
    <subfield code="1">0</subfield>
    <subfield code="2">ddc</subfield>
    <subfield code="4">0</subfield>
    <subfield code="7">0</subfield>
    <subfield code="8">Baccah</subfield>
    <subfield code="a">MAIN</subfield>
    <subfield code="b">MAIN</subfield>
    <subfield code="c">2ND</subfield>
    <subfield code="d">2021-08-03</subfield>
    <subfield code="e">Purchase</subfield>
    <subfield code="g">736.00</subfield>
    <subfield code="h">35754</subfield>
    <subfield code="l">1</subfield>
    <subfield code="m">2</subfield>
    <subfield code="o">724.6 ANO</subfield>
    <subfield code="p">000050478</subfield>
    <subfield code="q">2024-04-13</subfield>
    <subfield code="r">2022-05-08 00:00:00</subfield>
    <subfield code="s">2022-05-08</subfield>
    <subfield code="v">920.00</subfield>
    <subfield code="w">2021-08-03</subfield>
    <subfield code="y">BB</subfield>
  </datafield>
</record>
